000 00676nam a22002417a 4500
003 UA-OsUOA
001 79974
007 ta
008 20111124b un ||||| |||| 00| 0 ukr d
100 _aФейхтвангер Л.
090 _a821.161.1
_bФ36
942 _cBK
040 _aUA-OsUOA
_brus
_cUA-OsUOA
_dUA-OsUOA
245 _aСобрание сочинений
_b1
_cУспех
300 _a735 с.
955 _a3
041 _arus
080 _a821.161.1
020 _a5-280-00308-5
260 _aМ.
_bХудожественная литература
_c1988
650 7 _a82 Література. Літературознавство
_2UDC
999 _c366293
_d366293